00000000nam##2200000za#4500
0019.659901
003CaOODSP
00520200328173556
007ta
008150407|1997||||xxc|||||     f|0| 0 eng|d
020 |a0-660-60416-7
040 |aCaOODSP|beng
041 |aeng
041 |afre
043 |an-cn---
0861 |aM86-30/1997
1101 |aCanada.|bNatural Resources Canada. |bCanadian Permanent Committee on Geographical Names.
24510|aAboriginal geographical names of Canada: an annotated bibliography
250 |aThird edition (cumulative).
260 |aOttawa - Ontario : |bNatural Resources Canada. |c1997.
300 |avi, 200p. ; |c28 cm.
500 |a"The main part of the bibliography consists of two sections: one for information on Canada; the other outside Canada. In both cases, entries are numbered and listed alphabetically by author. Where a book or article has more than one author, cross references under the name of the second and subsequent authors are provided. In addition, we have created alphabetical indexes by (a) geographical location, and (b) Aboriginal groups and Aboriginal languages. The entry numbers used in the main part of the bibliography are shown in these indexes. A hierarchical list of geographical locations in also included to assist the reader."--Page iii.
5203 |aThe main part of the bibliography consists of two sections: one for information on Canada; the other outside Canada. In both cases, entries are numbered and listed alphabetically by author. Where a book or article has more than one author, cross references under the name of the second and subsequent authors are provided. In addition, we have created alphabetical indexes by (a) geographical location, and (b) Aboriginal groups and Aboriginal languages. The entry numbers used in the main part of the bibliography are shown in these indexes. A hierarchical list of geographical locations in also included to assist the reader.--Page iii
563 |aSpiral binding
590 |a98-15|b1998-04-09
69007|aToponymy|2gcpds
7760#|tLa toponymie autochtone du Canada: une bibliographie annotée : |w(CaOODSP)9.675272
792 |tLa toponymie autochtone du Canada: une bibliographie annotée |efre|w(CaOODSP)9.659902